01303nam a22002771 450000100060000000300080000600500170001400800410003103500190007204000320009104100080012308200230013124500720015426000400022630000320026649000370029850001330033550400400046865000510050870000310055971101120059094200120070299900170071495201400073195201540087135532BD-RjUL20211209052335.0140526s1968 ilua b 101 0 eng d a(BD-RjUL)35626 aDLCcDLCdDLCdBD-RjULbeng aeng00a320.0184bSIM 196810aSimulation in the study of politics /cedited by William D. Coplin. aChicago :bMarkham Pub. Co.,c1968. ax, 365 p. :bill. ;c24 cm.0 aMarkham political science series a"Originated in a Symposium on Simulation Models of the Decision-Maker's Environment held at Wayne State University in May 1967." aBibliography: p. 351-362. and Index 0aPolitical sciencexSimulation methods.9108185 aCoplin, William D.91081862 aSymposium on Simulation Models of the Decision-Maker's Environment,cWayne State University,d1967.9108187 2ddccBK c35532d35532 00102ddc40708NFICaRUCLbRUCLcStackd1965-05-04eZeitlingerg63.00l0o320.0184 SIM 1968r2014-05-26 00:00:00tC-2w2014-05-26yBK 00102ddc40718NFICaRUCLbRUCLcReadingd1970-11-20eSweets and zeitlingerg104.00l0o320.0184 SIM 1968r2016-12-18 00:00:00tC-1w2016-12-18yBK